1006 1120 1599 1471 1808 1181 1224 1655 1512 1127 1861 1414 1275 1064 1009 1043 1615 1091 1308 1830 1718 1855 1938 1876 1732 1622 1410 1302 1660 1876 1786 1685 1082 1614 1339 1507 1454 2000 1873 1842 1879 1197 1500 1975 1866 1829 1769 1051 1290 1241 1108 1688 1111 1956 1563 1588 1260 1731 1284 1920 1555 1801 1263 1173 1517 1183 1163 1188 1558 1258 1941 1562 1631 1961 1998 1064 1629 1875 1717 1446 1463 1860 1501 1902 1191 1180 1005 1332 1035 1551 1172 1585 1481 1694 1508 1432 1771 1599 1339 BCNSPRNW ULIB Ver.6.0+V

เปลี่ยนเป็นภาษาไทย

Change to English
 แสดงรายละเอียดบรรณานุกรม
  กลับหน้าหลัก

Brief Record : Get Marc (ISO 2709) : E-mail record : QR code < ปิดหน้าต่าง
LEADER : 00000nam 2200000uu 4500
001    13399124507
003     ULIB
008    150817s2556 th a 000 0 tha d
020    9789749804244
020    9789749804247
090    นว.^bล158ม ล.7
100    ล่อร่า อิงกัลล์ส์ ไวล์เดอร์;^eผู้แต่ง
245    เมืองเล็กในทุ่งกว้าง/^cล่อร่า อิงกัลล์ส์ ไวล์เดอร์. ; เขียน ,สุคนธรส. ; แปล
250    พิมพ์ครั้งที่ 8
260    กรุงเทพฯ :^bแพรวเยาวชน,^c2556
300    308 หน้า;^b18.5 ซม.
500    หนังสือชุดบ้านเล็ก
700    สุคนธรส ;^eแปล
945    ^p220^l0^i039778
999    ^aทศพร
รายการนี้ยังไม่มีแท็ก
คุณยังไม่ได้ล็อกอิน คุณสามารถมีกิจกรรมร่วมกับเว็บไซต์ได้ แต่ต้องล็อกอินก่อน ::
  ล็อกอิน

รายการสื่อสารสนเทศ

ลำดับที่ ประเภท เลขเรียก/บาร์โค้ด สถานที่ สถานะ
1. นวนิยาย
นวนิยาย
นว. ล158ม ล.7 ฉ.1 
  Barcode: 039778
ห้องสมุดวิทยาเขตสวรรค์ประชารักษ์
►นวนิยาย
บนชั้น
  ขอยืม

BibComment


ยังไม่เคยถูกคอมเมนท์

คอมเมนท์ทรัพยากรรายการนี้
  คอมเมนท์: เมืองเล็กในทุ่งกว..


 Copyright 2026. Bcnsprnw @Library